Video Game Publisher/Developer Quiz - Statistics

General Stats
  • This quiz has been taken 163 times
  • The average score is 8 of 12
Answer Stats
Games Company % Correct
Super Mario, Kirby, Splatoon Nintendo
98%
Sonic The Hedgehog, Yakuza, Head On Sega
88%
Call Of Duty, Crash Bandicoot, Guitar Hero Activision
84%
FIFA, Need For Speed, Battlefield Electronic Arts
81%
Just Dance, Assassin's Creed, Far Cry Ubisoft
81%
Diablo, Overwatch, WarCraft Blizzard
76%
Mega Man, Street Fighter, Resident Evil Capcom
62%
Halo, Gears of War, Age of Empires Microsoft
61%
Contra, Metal Gear, Castlevania Konami
60%
Pac-Man, Tekken, Soul Calibur Bandai Namco
51%
The Walking Dead, Sam & Max, Batman Telltale
51%
Final Fantasy, Kingdom Of Hearts, Nier Square Enix
50%
No matching quizzes found
Score Distribution
Percent of People with Each Score
Percentile by Number Answered
Your Score History
You have not taken this quiz